| 000 | 00735nam a2200241 a 4500 | ||
|---|---|---|---|
| 005 | 20240911064101.0 | ||
| 008 | 030303s1999 mx r 000 0 spa d | ||
| 020 | _a8401451019 | ||
| 035 | _aUPN01000122329 | ||
| 049 | _aCG | ||
| 050 | 4 |
_aHN18 _bT6.38 1999 |
|
| 100 | 1 |
_aToffler, Alvin, _d1928- _929453 |
|
| 245 | 1 | 3 |
_aLa tercera ola / _cAlvin Toffler ; tr. Adolfo Martín. |
| 250 | _a16a ed. | ||
| 260 |
_aBarcelona, Esp. : _bPlaza & Janes, _c1999. |
||
| 300 | _a660 p. | ||
| 440 | 0 |
_aBiblioteca de Alvin Toffler ; _v106. _pTribuna |
|
| 534 |
_pTraducción de : _tThe third wave |
||
| 650 | 4 |
_aHISTORIA SOCIAL - _y1945- _925568 |
|
| 650 | 4 |
_aCivilización moderna _y1950- _910800 |
|
| 650 | 4 |
_aCambio social _94887 |
|
| 905 | _aLibro | ||
| 999 |
_c94525 _d94525 |
||